|
|
|
|
| LEADER |
00000nam a2200000 a 4500 |
| 005 |
20120725151437.0 |
| 007 |
cr cn||||||||| |
| 008 |
201206r2011 sp |||||s|||||||||||spa d |
| 020 |
|
|
|a 9788476989449
|
| 035 |
|
|
|a 6399
|
| 040 |
|
|
|a FlNmELB
|c FlNmELB
|d BUS
|d vLex
|
| 080 |
|
|
|a 34
|
| 082 |
0 |
4 |
|a 342.46
|2 22
|
| 090 |
|
|
|c 3325
|d 3325
|
| 100 |
1 |
|
|a Pic ̤i Junoy, Joan.
|
| 245 |
1 |
4 |
|a Las garanta̕s constitucionales del proceso
|h [Recurso electrn̤ico] /
|c Joan Pic ̤i Junoy.
|
| 256 |
|
|
|a Servicio en ln̕ea.
|
| 260 |
|
|
|a Barcelona :
|b Bosch Editor,
|c 2011.
|
| 300 |
|
|
|a 1 recurso electrn̤ico
|
| 506 |
1 |
|
|a Contenido solo disponible en los productos indicados
|d vLex Global
|d vLex Global (Academic Edition, excluding Law Schools)
|d vLex Global (U.S. Academic Edition, Law Schools)
|d vLex Global (U.S. Academic Edition, excluding Law Schools)
|d vLex Global (Academic Edition, Law Schools)
|
| 650 |
0 |
4 |
|a Garantias (Derecho)
|
| 650 |
0 |
4 |
|a Derecho constitucional
|
| 740 |
0 |
|
|a vLex Libros (Servicio en ln̕ea)
|
| 856 |
4 |
0 |
|u http://vlex.com/source/garantias-constitucionales-proceso-6399
|z Acceso restringido
|
| 942 |
|
|
|c BOOK
|
| 999 |
0 |
|
|a Warranty
|
| 999 |
0 |
|
|a Constitucional law
|